000 00691nam0a22002531 4500
001 RU\NLR\INFOCOMM17\ROSSICA\1000294283
005 20250613191224.0
035 _a(NLR Aleph) 009928961
090 _a10707083
_c10707083
100 _a20030715d1877 |||y0rusy50 ca
101 0 _ager
102 _aRU
105 _ay ||||000ay
200 1 _aSammelergebnisse aus Nordpersien, Krasnowodsk in Turkmenien und dem Daghestan
_fChristoph, H.
210 _aSt.Petersburg
_d1877
215 _d
700 1 _aChristoph
_bH.
_4070
801 1 _aRU
_bInfoComm
_c20030715
801 0 _aRU
_bNLR
_gPSBO
852 _aNLR
_j14.46.4.86
942 _cBOOK
980 _aNB
980 _aRossica